000 01336agaaa2200313 4500
001 6158
003 IT-RoPAU
005 20220918181224.0
007 d cvaizq
008 50131s9999||||xx ||| | || ||und||
040 _aIT-RoPAU
_cIT-RoPAU
041 _aITALIANO
100 _aDi Carlo Carlo
_gCodice regista SPICS: 7226
_937436
130 _aMARZABOTTO
_937437
245 _aMARZABOTTO
_cProdotto da: Di Carlo Carlo Diretto da: Di Carlo Carlo
_pMARZABOTTO (Rif. Codice opera principale : 26158)
250 _aEdizione Standard
260 _a(ITALIA)
_bSENZA EDITRICE O NON IDENTIFICATA / Distribuzione: RAI
_g"1984 (1° ed.: 1984 ; Ed. Lingua Orig.: 1984)"
300 _aVHS
_bsonoro, col.
_c30 minuti
508 _a"Montaggio: Di Carlo C. Pascucci; Musica: Battistelli Giorgio; "
511 _aModugno Ludovica
520 _aDOCUMENTARIO STORICO SUI MORTI DI MARZABOTTO DEL 1944 STRAGE COMANDATA DA ROEDER NEL '44 RIEVOCATA 44 ANNI DOPO
538 _aPAL, STEREO
546 _aITALIANO
650 _aDOCUMENTARIO
_eFILMS [VHS]
_xCodice MATERIA SPICS: 9960
_934095
700 _aBattistelli Giorgio
_e(musica)
_gCodice Musica SPICS: 30734
_937438
700 _aDi Carlo Carlo
_e(regista)
_gCodice regista SPICS: 7226
_937439
700 _aRoversi Roberto
_e(soggetto)
_gCodice Soggetto SPICS: 1812
_937440
942 _cVH
_2ddc
999 _c104747
_d104747